|
|
แสดงรายละเอียดบรรณานุกรม |
|
|
Brief Record
: Get Marc (ISO 2709)
: E-mail record
: |
| LEADER 00000nam 2200000uu 4500 | |||
| 008 110705s2554||||th 000 0 tha d | |||
| 060 0 วจ WY 157 ว577 2554. | |||
| 245 00 ^aรายงานวิจัย เรื่องวิถีชีวิตของนักศึกษาโครงการผลิตพยาบาลวิชาชีพเพิ่มเพื่อแก้ไขปัญหาในพื้นที่จังหวัดชายแดนภาคใต้ : ย่างก้าวปีที่ 2. | |||
| 250 ^aพิมพ์ครั้งที่ 2. | |||
| 260 ^aกรุงเทพฯ : ^bโรงพิมพ์จรัลสนิทวงศ์การพิมพ์,^c2554. | |||
| 300 ^aจำนวน 109 หน้า ;^bภาพประกอบ. | |||
| 650 0 ^aพยาบาล - - ^xวิถีชีวิต - - ^xวิจัย. | |||
| 710 1 ^aสำนักงานปลัดกระทรวงสาธารณสุข สถาบันพระบรมราชชนก. | |||
| 999 ^aใช้งานได้ทุกระบบ | |||
| คุณยังไม่ได้ล็อกอิน คุณสามารถมีกิจกรรมร่วมกับเว็บไซต์ได้ แต่ต้องล็อกอินก่อน :: |
|
| สถานะ | |||||||||
| 1. | งานวิจัย | วจ WY 157 ว577 2554 | On Shelf ขอยืม | ||||||
| 2. | งานวิจัย | วจ WY 157 ว577 2554 ฉ.2 | On Shelf ขอยืม | ||||||
| [แสดง 2/2 รายการ] | |||||||||
BibComment |
| คอมเมนท์ทรัพยากรรายการนี้ |
|
|